Responses for Show #7176 - Monday, November 23, 2015

Contestants

[<< previous game]

Matt Keeshin, an analyst from Chicago, Illinois

Colin Thibadeau, a music producer and sound editor from Bronx, New York

Laura Ashby, an attorney from Marietta, Georgia (whose 1-day cash winnings total $18,401)

[next game >>]

Jeopardy! Round responses

HISTORY ON FILM
YELLOW
IN THE STATE'S HALL OF FAME
SLANG
FICTIONAL CAPTAINS
"POP" CULTURE
    $200 1
the Atlantic Ocean

Colin
    $200 12
a union

Colin
    $200 6
New Jersey

Colin
    $200 16
too much information

Laura
    $200 21
Captain Kirk

Matt
    $400 2
Gemini

Matt
    $400 11
yellow bricks

Laura
    $400 7
(Colin: What is Mississippi?)

Georgia

LauraColin
    $400 17
sexting

Colin
    $400 22
Captain America

Colin
    $600 3
Roger Bannister

Colin
    $600 13
jaundice

Laura
    $600 8
Nebraska

Laura
    $600 18
a mani-pedi

Laura
    $1,400 23
(Colin: Oh boy. Um... who is Captain Cook?)


(Alex: Oh, no. Who is [*]? Ah. [*]. You're on the board with $200. We have a minute to go.

Captain Queeg

Colin
    $600 28
[The end-of-round signal sounds]

Iggy Pop

Laura
    $800 4
200 miles per hour

Triple Stumper
    $800 14
(Matt: What is tuna?)
(Colin: What is yellowfin tuna?)
(Laura: What is yellowfin?)

yellowtail

LauraColinMatt
Triple Stumper
    $800 9
Ohio

Laura
    $800 19
totes

Colin
    $800 25
Captain Kangaroo

Laura
    $800 27
How many licks does it take to get to the center of a Tootsie Pop?

Colin
    $1000 5
Margaret Chase Smith

Triple Stumper
    $1000 15
marsh-marigold

Triple Stumper
    $1000 10
Louisiana

Matt
    $1000 20
(Matt: What is a mess kit?)

hot mess

Matt
Triple Stumper
    $1000 24
Yossarian

Matt
    $1000 26
"Pop Goes the World"

Laura

Scores at the first commercial break (after clue 15):

Laura Colin Matt
$2,000 $0 $600

Scores at the end of the Jeopardy! Round:

Laura Colin Matt
$5,200 $1,000 $800

Double Jeopardy! Round responses

WOMEN CEOs
WELL-SEASONED BOOKS
STAND UP
BODIES OF WATER
ANATOMY
ADD AN "E"
    $400 8
Campbell's

Laura
    $400 17
baseball

Matt
    $800 9
YouTube

Matt
    $800 15
Silent Spring

Laura
    $800 18
Chelsea Handler

Laura
    $800 7
Columbia

Laura
    $800 26
(The end-of-the-round signal sounds.)

the inner ear

Triple Stumper
    $800 1
Elven

Laura
    $1200 10
HSN (Home Shopping)

Laura
    $2,000 13
A Midsummer Night's Dream and The Winter's Tale (A Winter's Tale accepted)

Matt
    $1200 19
Aziz Ansari

Laura
    $1200 4
the Congo

Colin
    $1200 25
(Matt: What are sinus tissues?)

tonsils

Matt
Triple Stumper
    $1200 2
par

Colin
    $1600 11
HP (Hewlett-Packard)

Matt
    $1600 14
Outlander

Triple Stumper
    $1600 20
Patton Oswalt

Matt
    $1600 5
(Colin: What is Lake Titicaca?)

Lake Maracaibo

Colin
Triple Stumper
    $1600 24
hippocampus

Colin
    $1600 3
corps

Triple Stumper
    $3,200 12
DuPont

Matt
    $2000 16
Tennessee Williams

Triple Stumper
    $2000 21
(Alex: Yes, with a minute left.)

Margaret Cho

Laura
    $2000 6
Prince William Sound

Triple Stumper
    $2000 22
a gall bladder

Colin
    $2000 23
aglet

Triple Stumper

Scores at the end of the Double Jeopardy! Round:

Laura Colin Matt
$13,200 $5,400 $9,200

[wagering suggestions for these scores]

Final Jeopardy! Round responses

THE 16th CENTURY
ColinWho was Thomas More
$5,399
MattWho is Calvin?
$8,200
LauraWho is Henry VIII?
$5,201
Henry VIII

Final scores:

Laura Colin Matt
$18,401 $1 $1,000
2-day champion: $36,802 3rd place: $1,000 2nd place: $2,000

Game dynamics:

Coryat scores:

Laura Colin Matt
$13,200 $6,800 $7,200
18 R,
1 W
12 R,
4 W
(including 1 DD)
10 R
(including 2 DDs),
3 W

Combined Coryat: $27,200

[game clues] [game scores] [suggest correction]

Game tape date: Unknown
The J! Archive is created by fans, for fans. Scraping, republication, monetization, and malicious use prohibited; this site may use cookies and collect identifying information. See terms. The Jeopardy! game show and all elements thereof, including but not limited to copyright and trademark thereto, are the property of Jeopardy Productions, Inc. and are protected under law. This website is not affiliated with, sponsored by, or operated by Jeopardy Productions, Inc. Join the discussion at JBoard.tv.